Computational intelligence paradigms for optimization problems using MATLAB (R)/SIMULINK (R)

Main Author: Sumathi, S., 1968- (Author)
Other Authors: Kumar, L. Ashok, Surekha, P.( 1980-)
Language:English
Published: Boca Raton: CRC Press, Taylor & Francis Group, 2016
Subjects:
LEADER 01057cam a2200277 7i4500
001 0000130712
005 20221026090000.0
008 180507s2016 flu a x 0 eng
020 # # |a 9781498743709  
020 # # |a 1498743706  
040 # # |a UMT   |b eng   |c UMT   |d Loc   |e rda 
090 0 0 |a Q 342   |b .S86 2016 
100 1 # |a Sumathi, S.,   |d 1968-   |e author  
245 1 0 |a Computational intelligence paradigms for optimization problems using MATLAB (R)/SIMULINK (R)   |c S. Sumathi , L. Ashok Kumar , P. Surekha. 
264 # 1 |a Boca Raton:   |b CRC Press, Taylor & Francis Group,   |c 2016 
264 # 4 |c ♭ 2016 
300 # # |a xxii, 601 pages:   |b illustrations (some col.);   |c 27 cm. 
336 # # |a text --   |2 rdacontent 
337 # # |a unmediated --   |2 rdamedia 
338 # # |a volume --   |2 rdacarrier 
504 # # |a Includes bibliographical references and index 
590 # # |a Pusat Pengajian Informatik dan Matematik Gunaan 
650 0 0 |a Computational intelligence  
700 1 # |a Kumar, L. Ashok  
700 1 # |a Surekha, P.(  |d 1980-)  
999 |a 1100102291  |b Book  |c Open Shelf  |e KOLEKSI TERBUKA